Statystyki dla Państwa z największą ilością wielbłądów domowych

Kliknij tutaj aby rozwiązać quiz!

Ogólne statystyki

  • Ten quiz został rozwiązany 69 razy
  • Średni wynik to 15 z 20

Statystyki odpowiedzi

Ilość
wielbłądów
Kraj% Poprawnych
0.493 mlnArabia Saudyjska
90%
1.83 mlnNiger
86%
0.417 mlnAlgieria
84%
4.90 mlnSudan
84%
8.28 mlnCzad
83%
0.290 mlnNigeria
83%
7.24 mlnSomalia
81%
0.273 mlnOman
79%
0.462 mlnZjednoczone
>Emiraty Arabskie
76%
0.433 mlnJemen
74%
0.238 mlnTunezja
72%
0.405 mlnChiny
71%
1.28 mlnEtiopia
71%
0.252 mlnIndie
71%
4.72 mlnKenia
66%
0.388 mlnErytrea
64%
1.24 mlnMali
64%
1.50 mlnMauretania
62%
1.09 mlnPakistan
55%
0.472 mlnMongolia
41%

Rozkład punktacji

Percentyl według liczby udzielonych odpowiedzi

Procent ludzi z każdym wynikiem

Twoja historia wyników

Nie rozwiązałeś tego quizu